Nitrogen and rice

שמור ב:
מידע ביבליוגרפי
מחבר ראשי: IRRI
פורמט: ספר
שפה:Undetermined
יצא לאור: Philippines IRRI 1979
נושאים:
תגים: הוספת תג
אין תגיות, היה/י הראשונ/ה לתייג את הרשומה!
Thư viện lưu trữ: Trung tâm Học liệu Trường Đại học Cần Thơ
LEADER 00474nam a2200181Ia 4500
001 CTU_38686
008 210402s9999 xx 000 0 und d
082 |a 633.18891 
082 |b I71/N 
100 |a IRRI 
245 0 |a Nitrogen and rice 
245 0 |c IRRI 
260 |a Philippines 
260 |b IRRI 
260 |c 1979 
650 |a nitrogen in soils,rice - fertilizers and manures 
904 |i Liên, 990819 
980 |a Trung tâm Học liệu Trường Đại học Cần Thơ